| 000 | 00551nam a2200157Ia 4500 | ||
|---|---|---|---|
| 008 | 220216s9999 xx 000 0 und d | ||
| 100 | _aMathew N.M. | ||
| 245 | 0 | _aPreserved field latex and latex concentrate | |
| 260 |
_bIn: Handbook of natural rubber production in India. (Ed. P.N. Radhakrishna Pillay). Rubber Research Institute of India, Kottayam, India, pp. 339-427. _c1980 |
||
| 650 | _aCreaming | ||
| 650 | _aLatex centrifuging | ||
| 650 | _aLatex concentration | ||
| 650 | _aLow ammonia preservative | ||
| 700 | _aKarna U.C. | ||
| 942 | _cBS | ||
| 999 |
_c51041 _d51041 |
||